000
00251pam a2200121 a 4500
020
_c
041
_a
eng
100
_a
Sharp R.F.
245
_a
A Dollins House
_h
Textual Documents
260
_a
[s.l]:
_b
J.M.Det&Sons
300
_a
255p.
930
_a
15217
999
_c
92117
_d
92117